000 01559nam a2200277Ia 4500
001 22318
003 GE_BSU
008 181216s||||||||xx |||||||||||||| ||und||
020 _a9789941912603
040 _cGE_BSU
080 _a355(479.22)
100 _aანჩაბაძე, გიორგი.
245 _aსაქართველოს სამხედრო ისტორიის საკითხები (1921 წლამდე) = The problems of georgian military history (till 1921)
245 _bპუბლიკაციების კრებული : სახელმძღვანელო
250 _aილიას სახელმწ. უნ-ტი
260 _aთბილისი
260 _bილიას სახელმწ. უნ-ტი,
260 _c2010
300 _a256გვ; რუკ; 20სმ.
300 _bბიბლიოგრ. ტექსტ. შენიშვნ.
541 _h8ლ.50თ.
653 _aსამხედრო საქმე
653 _aსაქართველოს სამხედრო ისტორიის საკითხები (1921 წლამდე) = The problems of georgian military history (till 1921)
653 _aსაქართველოს სამხედრო ხელოვნების ისტორია. საქართველოს ომების ისტორია. საქართველოს შეიარაღებული ძალები.
942 _cBK
999 _c55242
_d55242